LEADER 01028nam--2200349---450- 001 990002813070203316 005 20060914120806.0 035 $a000281307 035 $aUSA01000281307 035 $a(ALEPH)000281307USA01 035 $a000281307 100 $a20060914d1918----km-y0itay50------ba 101 $aita 102 $aIT 105 $a||||||||001yy 200 1 $aDiscorsi parlamentari di Ruggero Bonghi$epubblicati per deliberazione della Camera dei deputati$fRuggero Bonghi 210 $aRoma$cTip. della Camera dei deputati$d1918 215 $a2 v.$d24 cm 410 0$12001 454 1$12001 461 1$1001-------$12001 606 0 $aStoria d'Italia 676 $a945.090924 700 1$aBONGHI,$bRuggero$04303 801 0$aIT$bsalbc$gISBD 912 $a990002813070203316 951 $a945.090924 BON$b1900 DITESI (armadio 3 I-312-313) 959 $aBK 969 $aDITESI 979 $aDITESI$b10$c20060914$lUSA01$h1208 996 $aDiscorsi parlamentari di Ruggero Bonghi$9994923 997 $aUNISA LEADER 01411nam2-2200409---450- 001 990003682100203316 005 20120802095330.0 010 $a90-64-76185-X 035 $a000368210 035 $aUSA01000368210 035 $a(ALEPH)000368210USA01 035 $a000368210 100 $a20120802d2006----km-y0itay50------ba 101 $amul 102 $aNL 105 $a||||||||001yy 200 1 $a<<91 a:>> <> tax consequences of restructuring of indebtedness (debt work-outs) 210 $aAmersfoort$cIFA$d2006 215 $a712 p.$d23 cm$e1 CD-ROM 300 $aPrima del titolo: Subject I 300 $aAtti di 60th Congress of the International Fiscal Association, Amsterdam 2006 410 0$12001 461 1$1001000208500$12001$aCahiers de droit fiscal international 600 0 $aDiritto tributario internazionale 606 0 $aInsolvenza$2BNCF 676 $a341.751 710 02$aCongress of the International Fiscal Association$d<60. ;$f2006 ;$eAmsterdam>$0612747 801 0$aIT$bsalbc$gISBD 912 $a990003682100203316 951 $a341.751 CON 91a$b891 DIL$c341.751$d00315697 959 $aBK 969 $aDIL 979 $aIANNONE$b90$c20120802$lUSA01$h0940 979 $aIANNONE$b90$c20120802$lUSA01$h0944 979 $aIANNONE$b90$c20120802$lUSA01$h0953 996 $aTax consequences of restructuring of indebtedness (debt work-outs$91140717 997 $aUNISA LEADER 02395nam 2200577Ia 450 001 9910170999503321 005 20200520144314.0 010 $a1-135-95929-3 010 $a0-203-90265-3 010 $a1-280-35510-7 010 $a1-135-95930-7 024 7 $a10.4324/9780203902653 035 $a(CKB)1000000000249911 035 $a(EBL)166228 035 $a(OCoLC)227914789 035 $a(SSID)ssj0000154161 035 $a(PQKBManifestationID)12035762 035 $a(PQKBTitleCode)TC0000154161 035 $a(PQKBWorkID)10417843 035 $a(PQKB)11593104 035 $a(MiAaPQ)EBC166228 035 $a(EXLCZ)991000000000249911 100 $a20001018d2001 uy 0 101 0 $aeng 135 $aur|n|---||||| 181 $ctxt 182 $cc 183 $acr 200 00$aFeminist engagements $ereading, resisting, and revisioning male theorists in education and cultural studies /$fedited by Kathleen Weiler 210 $aNew York $cRoutledge$d2001 215 $a1 online resource (216 p.) 300 $aDescription based upon print version of record. 311 08$a0-415-92576-2 311 08$a0-415-92575-4 320 $aIncludes bibliographical references and index. 327 $aJohn Dewey, progressive education, and feminist pedagogies: issues in gender and authority -- DuBois and the invisible talented tenth -- Remembering and regenerating Gramsci -- Rereading Paulo Freire -- The dreamwork of autobiography: Felman, Freud, and Lacan -- Berstein's sociology of pedagogy: female dialogues and feminist elaborations -- Coming to theory: finding Foucault and Deleuze -- Stuart Hall, cultural studies: theory letting you off the hook? -- Ten years later, yet again: critical pedagogy and its complicities. 330 $aFeminist Engagements is a collection of essays by some of the top names in feminist education, in which they read and revision the works of the major twentieth-century theorists in education and cultural studies. 606 $aFeminism and education 606 $aCritical pedagogy 615 0$aFeminism and education. 615 0$aCritical pedagogy. 676 $a305.42 676 $a370.82 701 $aWeiler$b Kathleen$0958988 801 0$bMiAaPQ 801 1$bMiAaPQ 801 2$bMiAaPQ 906 $aBOOK 912 $a9910170999503321 996 $aFeminist engagements$92172745 997 $aUNINA